<?xml version="1.0" encoding="UTF-8"?>
<record
    xmlns:xsi="http://www.w3.org/2001/XMLSchema-instance"
    xsi:schemaLocation="http://www.loc.gov/MARC21/slim http://www.loc.gov/standards/marcxml/schema/MARC21slim.xsd"
    xmlns="http://www.loc.gov/MARC21/slim">

  <leader>01238nam0a22002531  4500</leader>
  <controlfield tag="001">rc\4454007</controlfield>
  <controlfield tag="005">20260407182014.0</controlfield>
  <datafield tag="021" ind1=" " ind2=" ">
    <subfield code="a">RU</subfield>
    <subfield code="b">[67-13935]</subfield>
  </datafield>
  <datafield tag="035" ind1=" " ind2=" ">
    <subfield code="a">(NLR Aleph) 008589059</subfield>
  </datafield>
  <datafield tag="090" ind1=" " ind2=" ">
    <subfield code="a">8632773</subfield>
    <subfield code="c">8632773</subfield>
  </datafield>
  <datafield tag="100" ind1=" " ind2=" ">
    <subfield code="a">20130416d1967    |||y0rusy50      ca</subfield>
  </datafield>
  <datafield tag="101" ind1="0" ind2=" ">
    <subfield code="a">rus</subfield>
  </datafield>
  <datafield tag="102" ind1=" " ind2=" ">
    <subfield code="a">RU</subfield>
  </datafield>
  <datafield tag="105" ind1=" " ind2=" ">
    <subfield code="a">y   z   |||||</subfield>
  </datafield>
  <datafield tag="200" ind1="1" ind2=" ">
    <subfield code="a">&#x422;&#x435;&#x437;&#x438;&#x441;&#x44B; &#x434;&#x43E;&#x43A;&#x43B;&#x430;&#x434;&#x43E;&#x432;</subfield>
    <subfield code="f">&#x410;&#x41D; &#x411;&#x421;&#x421;&#x420;. &#x41D;&#x430;&#x443;&#x447;. &#x441;&#x43E;&#x432;&#x435;&#x442; &#x43F;&#x43E; &#x43F;&#x440;&#x43E;&#x431;&#x43B;&#x435;&#x43C;&#x435; "&#x424;&#x438;&#x437;&#x438;&#x43A;&#x430; &#x442;&#x432;&#x435;&#x440;&#x434;&#x43E;&#x433;&#x43E; &#x442;&#x435;&#x43B;&#x430; &#x438; &#x43F;&#x43E;&#x43B;&#x443;&#x43F;&#x440;&#x43E;&#x432;&#x43E;&#x434;&#x43D;&#x438;&#x43A;&#x43E;&#x432;". &#x418;&#x43D;-&#x442; &#x444;&#x438;&#x437;&#x438;&#x43A;&#x438; &#x442;&#x432;&#x435;&#x440;&#x434;&#x43E;&#x433;&#x43E; &#x442;&#x435;&#x43B;&#x430; &#x438; &#x43F;&#x43E;&#x43B;&#x443;&#x43F;&#x440;&#x43E;&#x432;&#x43E;&#x434;&#x43D;&#x438;&#x43A;&#x43E;&#x432;. V &#x412;&#x441;&#x435;&#x441;&#x43E;&#x44E;&#x437;. &#x441;&#x43E;&#x432;&#x435;&#x449;&#x430;&#x43D;&#x438;&#x435; &#x43F;&#x43E; &#x444;&#x438;&#x437;. &#x438; &#x444;&#x438;&#x437;.-&#x445;&#x438;&#x43C;. &#x441;&#x432;&#x43E;&#x439;&#x441;&#x442;&#x432;&#x430;&#x43C; &#x444;&#x435;&#x440;&#x440;&#x438;&#x442;&#x43E;&#x432;. 31 &#x44F;&#x43D;&#x432;. - 4 &#x444;&#x435;&#x432;. 1967 &#x433;.</subfield>
  </datafield>
  <datafield tag="210" ind1=" " ind2=" ">
    <subfield code="a">&#x41C;&#x438;&#x43D;&#x441;&#x43A;</subfield>
    <subfield code="c">&#x411;. &#x438;.</subfield>
    <subfield code="d">1967</subfield>
  </datafield>
  <datafield tag="215" ind1=" " ind2=" ">
    <subfield code="a">68 &#x441;.</subfield>
    <subfield code="d">20</subfield>
  </datafield>
  <datafield tag="606" ind1=" " ind2=" ">
    <subfield code="a">&#x424;&#x435;&#x440;&#x440;&#x438;&#x442;&#x44B;</subfield>
    <subfield code="x">&#x424;&#x438;&#x437;&#x438;&#x43A;&#x43E;-&#x445;&#x438;&#x43C;&#x438;&#x447;&#x435;&#x441;&#x43A;&#x438;&#x435; &#x441;&#x432;&#x43E;&#x439;&#x441;&#x442;&#x432;&#x430;</subfield>
    <subfield code="j">&#x422;&#x435;&#x437;&#x438;&#x441;&#x44B; &#x434;&#x43E;&#x43A;&#x43B;&#x430;&#x434;&#x43E;&#x432;</subfield>
    <subfield code="2">psbo</subfield>
  </datafield>
  <datafield tag="710" ind1="1" ind2="2">
    <subfield code="a">&#x412;&#x441;&#x435;&#x441;&#x43E;&#x44E;&#x437;&#x43D;&#x43E;&#x435; &#x441;&#x43E;&#x432;&#x435;&#x449;&#x430;&#x43D;&#x438;&#x435; &#x43F;&#x43E; &#x444;&#x438;&#x437;&#x438;&#x447;&#x435;&#x441;&#x43A;&#x438;&#x43C; &#x438; &#x444;&#x438;&#x437;&#x438;&#x43A;&#x43E;-&#x445;&#x438;&#x43C;&#x438;&#x447;&#x435;&#x441;&#x43A;&#x438;&#x43C; &#x441;&#x432;&#x43E;&#x439;&#x441;&#x442;&#x432;&#x430;&#x43C; &#x444;&#x435;&#x440;&#x440;&#x438;&#x442;&#x43E;&#x432;</subfield>
    <subfield code="d">5</subfield>
    <subfield code="f">1967</subfield>
    <subfield code="e">&#x41C;&#x438;&#x43D;&#x441;&#x43A;</subfield>
    <subfield code="3">RU\NLR\AUTH\8810116947</subfield>
    <subfield code="9">733116</subfield>
  </datafield>
  <datafield tag="801" ind1=" " ind2="0">
    <subfield code="a">RU</subfield>
    <subfield code="b">NLR</subfield>
    <subfield code="g">psbo</subfield>
  </datafield>
  <datafield tag="801" ind1=" " ind2="1">
    <subfield code="a">RU</subfield>
    <subfield code="b">ELAR</subfield>
    <subfield code="2">rusmarc</subfield>
  </datafield>
  <datafield tag="852" ind1=" " ind2=" ">
    <subfield code="a">NLR</subfield>
    <subfield code="j">67-4/5105</subfield>
  </datafield>
  <datafield tag="942" ind1=" " ind2=" ">
    <subfield code="c">BOOK</subfield>
  </datafield>
  <datafield tag="980" ind1=" " ind2=" ">
    <subfield code="a">NB</subfield>
  </datafield>
  <datafield tag="995" ind1=" " ind2=" ">
    <subfield code="5">2013-10-26</subfield>
    <subfield code="b">NLR01</subfield>
    <subfield code="c">NLR01</subfield>
    <subfield code="e">RF31</subfield>
    <subfield code="f">8589059-10</subfield>
    <subfield code="k">67-4/5105</subfield>
    <subfield code="o">0</subfield>
    <subfield code="r">BOOK</subfield>
    <subfield code="s">6745105_</subfield>
  </datafield>
</record>
